Najdłuższe Rzeki w Polsce - Statystyki

Ogólne statystyki
  • Ten quiz został rozwiązany 167 razy
  • Średni wynik to 7 z 10
Statystyki odpowiedzi
Długość w (KM) Rzeka % Poprawnych
1047 Wisła
100%
742 Odra
98%
808 Warta
94%
587 Bug
89%
457 San
68%
448 Narew
64%
391 Noteć
56%
303 Wieprz
53%
319 Pilica
39%
270 Bóbr
34%
Nie znaleziono quizów pasujących do podanych kryteriów
Rozkład punktacji
Procent ludzi z każdym wynikiem
Percentyl według liczby udzielonych odpowiedzi
Twoja historia wyników
Nie rozwiązałeś tego quizu